L´enginyós Cavaller Don Quixot de la Mancha (Record no. 2724)

MARC details
000 -CABECERA
campo de control de longitud fija 01584nam a2200337 a 4500
001 - NÚMERO DE CONTROL
campo de control BRCA_2985
005 - FECHA Y HORA DE LA ÚLTIMA TRANSACCIÓN
campo de control 20190320204046.0
008 - DATOS DE LONGITUD FIJA--INFORMACIÓN GENERAL
campo de control de longitud fija 231208s1930----sp-#---###---#000-0#cat-u
041 ## - CÓDIGO DE LENGUA
Código de lengua del texto/banda sonora o título independiente cat
044 ## - CÓDIGO DEL PAÍS DE LA ENTIDAD EDITORA/PRODUCTORA
Código MARC del país sp
084 ## - OTRO NÚMERO DE CLASIFICACIÓN
Número de clasificación 308
Número de documento/Ítem .L68
-- 1930
100 1# - ENTRADA PRINCIPAL--NOMBRE DE PERSONA
Nombre de persona Cervantes Saavedra, Miguel de
Fechas asociadas al nombre 1547-1616
9 (RLIN) 213
245 10 - MENCIÓN DE TÍTULO
Título L´enginyós Cavaller Don Quixot de la Mancha
Mención de responsabilidad, etc. Miguel de Cervantes Saavedra.
260 ## - PUBLICACIÓN, DISTRIBUCIÓN, ETC.
Lugar de publicación, distribución, etc. Barcelona
Nombre del editor, distribuidor, etc. Antoni López
Fecha de publicación, distribución, etc. [1930?]
300 ## - DESCRIPCIÓN FÍSICA
Extensión 280 p.
Dimensiones 16 cm.
440 #0 - MENCIÓN DE SERIE/PUNTO DE ACCESO ADICIONAL--TÍTULO
Título Colecció D´Obres Selectes
9 (RLIN) 8268
500 ## - NOTA GENERAL
Nota general Contenido : Primera parte. Dedicatoria del autor. Prólogo de Givanel y Mas. Prólogo del autor. Versos preliminares. Texto. Segunda parte. Dedicatorial del autor. Prólogo del autor. Texto
500 ## - NOTA GENERAL
Nota general Edición : Traducción de Antoni Bulbena i Tusell i amb un próleg de Joan Givanel i Mas
500 ## - NOTA GENERAL
Nota general Es la versión catalana del mismo traductor, precedida de un prólogo del prominente cervantista Givanel y Más. Tela; lomeras y tapas decoradas con filetes dorados y negros Lúdovik Osterc
500 ## - NOTA GENERAL
Nota general Estado físico : Presenta la encuadernación desprendida
500 ## - NOTA GENERAL
Nota general QM533
546 ## - NOTA DE LENGUA/LENGUAJE
Nota de lengua/lenguaje Texto en : catalán
650 14 - PUNTO DE ACCESO ADICIONAL DE MATERIA--TÉRMINO DE MATERIA
Término de materia o nombre geográfico como elemento de entrada Novela española
Subdivisión cronológica Época clásica, 1500-1700
9 (RLIN) 215
650 14 - PUNTO DE ACCESO ADICIONAL DE MATERIA--TÉRMINO DE MATERIA
Término de materia o nombre geográfico como elemento de entrada Literatura española
Subdivisión cronológica Época clásica, 1500-1700
9 (RLIN) 216
650 14 - PUNTO DE ACCESO ADICIONAL DE MATERIA--TÉRMINO DE MATERIA
Término de materia o nombre geográfico como elemento de entrada Novela española
Subdivisión cronológica Siglo XVII
9 (RLIN) 217
650 14 - PUNTO DE ACCESO ADICIONAL DE MATERIA--TÉRMINO DE MATERIA
Término de materia o nombre geográfico como elemento de entrada Don Quijote (Personaje ficticio)
Término indicativo de función/relación Novela
9 (RLIN) 218
700 1# - PUNTO DE ACCESO ADICIONAL--NOMBRE DE PERSONA
Nombre de persona Bulbena i Tusell, Antoni
Fechas asociadas al nombre 1854-1946
Término indicativo de función/relación Traductor
9 (RLIN) 8269
740 0# - PUNTO DE ACCESO ADICIONAL--TÍTULO RELACIONADO O ANALÍTICO NO CONTROLADO
Título relacionado o analítico no controlado El Ingenioso Hidalgo Don Quijote de la Mancha
902 ## - CATALOGADOR
Iniciales QFM
942 ## - ELEMENTOS DE PUNTO DE ACCESO ADICIONAL (KOHA)
Fuente del sistema de clasificación o colocación Library of Congress Classification
Tipo de ítem Koha Libros
Holdings
Estado de retiro Estado de pérdida Estado dañado No para préstamo Localización permanente Ubicación/localización actual Fecha de adquisición Número de inventario Total de préstamos Signatura topográfica completa Código de barras Fecha visto por última vez Precio válido a partir de Tipo de ítem Koha
El ejemplar forma parte de la colección y puede ser consultado según las políticas vigentes.       Biblioteca del Museo Franz Mayer (Rogerio Casas-Alatriste) Biblioteca del Museo Franz Mayer (Rogerio Casas-Alatriste) 23/12/2008 QM533   308 .L68 1930 (QM533) 2982 22/03/2019 22/03/2019 Libros